000
00262nam a22001217a 4500
008
181022b xxu||||| |||| 00| 0 eng d
041
_a
eng
080
_a
321
100
_a
21
101
_a
POL
245
_a
Language Of Politics
_c
Stewart .p
942
_2
udc
_c
BK
999
_c
50424
_d
50424